Uplatnenie metód podnikovej diagnostiky pri diagnostike okolia podniku

Podniková diagnostika ako relatívne mladá vedná disciplína ponúka nástroje a metódy, prostredníctvom ktorých môžeme sledovať situáciu v podniku, v jeho okolí, zaoberať sa ich vývojom v čase. Využitím terapeutických metód umožňuje hľadať riešenia na odstránenie problémových ohnísk. Objasnenie problem...

Full description

Saved in:
Bibliographic Details
Main Author: Deáková, Stanislava, 1974-
Other Authors: Kissová, Jana, 1979-
Format: Book Chapter
Language:Slovak
Subjects:
Tags: Add Tag
No Tags, Be the first to tag this record!

MARC

LEADER 00000nla a2200000 4500
001 0167857
005 20240502072927.6
041 0 |a slo 
044 |a SK 
245 1 0 |a Uplatnenie metód podnikovej diagnostiky pri diagnostike okolia podniku  |c Stanislava Deáková, Jana Kissová 
520 |a Podniková diagnostika ako relatívne mladá vedná disciplína ponúka nástroje a metódy, prostredníctvom ktorých môžeme sledovať situáciu v podniku, v jeho okolí, zaoberať sa ich vývojom v čase. Využitím terapeutických metód umožňuje hľadať riešenia na odstránenie problémových ohnísk. Objasnenie problematiky diagnostických metód používaných pri diagnostike okolia podniku a ich praktické využitie. 
610 2 0 |a diagnostika podniková 
610 2 0 |a prostredie podnikové 
610 2 0 |a riadenie podnikové 
610 2 0 |a metódy riadenia 
610 2 0 |a benchmarking 
100 1 |a Deáková, Stanislava, 1974- 
700 1 |a Kissová, Jana, 1979-